| 000 | 00711nam a2200241Ia 4500 | ||
|---|---|---|---|
| 005 | 20260430150611.0 | ||
| 008 | 008 250103s9999 xx 000 0 eng d | ||
| 037 | _aTheses | ||
| 040 | _aCRL | ||
| 040 | _beng | ||
| 040 | _ceng | ||
| 041 | _2eng | ||
| 041 | _aeng | ||
| 084 | _qCRL | ||
| 100 |
_aSharma Raushan Kuma Au.; Nawal Kishore Gu. _91237966 |
||
| 245 | 0 | _aUnderstanding Ambedkar and Lohia: A Comparative Study of ‘Politics of Caste’ in Maharashtra and Uttar Pradesh | |
| 260 | _c2024 | ||
| 300 | _a147p. | ||
| 650 | _aPolitical Science | ||
| 700 |
_aUniversity of Delhi. Faculty of Social Science. Deptt. of Political Science _91236360 |
||
| 942 | _cTH | ||
| 999 |
_c1850177 _d1850177 |
||